Internet:-) CZ /

Enregistré dans:
Détails bibliographiques
Auteurs principaux: Vrabec, Vladimír (Auteur), Čepek, Aleš (Auteur)
Format: Livre
Langue:tchèque
Publié: Praha : Grada Publishing, 1995
Édition:1.vyd.
Sujets:
Tags: Ajouter un tag
Pas de tags, Soyez le premier à ajouter un tag!

MARC

LEADER 00000nam a22000003a 4500
001 stu3298
005 20190206132308.9
008 960228s1995----xr------------------cze-d
020 |a 80-7169-229-8 
040 |a STU  |b slo 
041 0 |a cze 
044 |a xr 
080 |a 681.324 
084 |a B6210L  |2 INS 
084 |a C5620  |2 INS 
084 |a C3370G  |2 INS 
100 1 |a Vrabec, Vladimír  |4 aut 
245 1 |a Internet:-) CZ /  |c [aut.] Vrabec,Vladimír; Čepek,Aleš 
250 |a 1.vyd. 
260 |a Praha :  |b Grada Publishing,  |c 1995 
300 |a 210 s 
650 7 |a počítačové siete  |2 stusub 
700 1 |a Čepek, Aleš  |4 aut 
996 |b E80467  |c E*80467  |l EE03  |s P  |a 0  |w stu3298_0001 
996 |b E81179  |c E*81179  |l EE03  |s P  |a 0  |w stu3298_0002